Kliknij aby przetłumaczyć - rosyjski - Statystyki

Ogólne statystyki
  • Ten quiz został rozwiązany 217 razy
  • Średni wynik to 17 z 21
Statystyki odpowiedzi
Hint Odpowiedź % Poprawnych
Kot Кот
96%
Wódka Водка
91%
Babcia Бабушка
91%
Noga Нога
88%
Miód Мед
87%
Biały Белый
87%
Polska Польша
86%
Dziękuję Спасибо
85%
Cześć Привет
85%
Dziesięć Десять
84%
Herbata Чай
83%
Samochód Машина
82%
Poniedziałek Понедельник
80%
Czerwony Красный
80%
Niedżwiedż Медведь
78%
Duży Большой
68%
Parapet Подоконник
66%
Krzesło Стул
65%
Niedziela Воскресенье
63%
Niebieski Синий
63%
Ssak Mлекопитающее
54%
Nie znaleziono quizów pasujących do podanych kryteriów
Rozkład punktacji
Procent ludzi z każdym wynikiem
Percentyl według liczby udzielonych odpowiedzi
Twoja historia wyników
Nie rozwiązałeś tego quizu